000 00630nam a22001937a 4500
001 2027521
003 AM-YEHGA
005 20250924093643.0
008 250807s1922 ru |||||r|||||||||0|rus|d
040 _aAM-YeHGA
041 1 _arus
_hfre
100 1 _aДеманжон, Альбер
245 1 0 _aЭкономический упадок Европы /
_bПер. с фр.
_cА. Деманжон ; С предисл. Л. Юровского
260 _aМосква :
_bБерег,
_c1922.
300 _a88 с.
650 1 4 _aЭкономика Европы
700 1 _aЮровский, Л.
_eпер.
_4trl
942 _2udc
_cBK
999 _c536261
_d536261